| 000 | 00698nam a2200205 i 4500 | ||
|---|---|---|---|
| 001 | 43658 | ||
| 003 | ES-MaACL | ||
| 007 | t| | ||
| 008 | 030318s1928 sp ||||1| spa d | ||
| 100 | 1 |
_aCatulo, Cayo Valerio. _937089 |
|
| 245 | 1 | 0 |
_aPoesíes / _cC. Valeri Catul ; text revisat i traduccio de Joan Petit i Josep Vergés. |
| 260 |
_aBarcelona : _bFundació Bernot Metge, _c1928 ( _fEmporium) |
||
| 300 |
_aXXVI, 99 p. ; _c21 cm. |
||
| 490 | 1 | _aFundació Bernot Metgé Escriptores Llatins | |
| 700 | 1 |
_aPetit, Juan. _991508 |
|
| 700 | 1 |
_aVergés, José. _9114106 |
|
| 830 | 0 |
_aFundació Bernot Metgé Escriptores Llatins _9182000 |
|
| 852 |
_aES-MaACL _jC-6775 _bR.7790 |
||
| 999 |
_c43658 _d43658 |
||